[Event "39th WCh U20 Girls"]
[Site "Mexico City MEX"]
[Date "2023.09.23"]
[Round "4.7"]
[White "Destic, Elena"]
[Black "Ciolacu, Alessia-Mihaela"]
[Result "0-1"]
[WhiteElo "1904"]
[BlackElo "2199"]
[EventDate "2023.09.21"]
[PlyCount "138"]

1.e4 e5 2.Nf3 Nc6 3.d4 exd4 4.Nxd4 Nf6 5.Nxc6 bxc6 6.Nd2 Bc5 7.Nb3 Bb6 8.
e5 Qe7 9.Qe2 Nd5 10.c4 Nb4 11.a3 Na6 12.Bd2 Rb8 13.Bc3 Bxf2+ 14.Qxf2 Rxb3 
15.Bd3 d6 16.O-O dxe5 17.Bc2 Rxc3 18.bxc3 Qc5 19.Rfe1 f6 20.Qxc5 Nxc5 21.
Rab1 Bb7 22.Be4 Ke7 23.Rb2 Ba6 24.Rd2 Bxc4 25.Bxc6 Rb8 26.Red1 e4 27.Rd4 
Bd3 28.Rd5 Ne6 29.Rd7+ Kf8 30.Re1 Nc5 31.Rxc7 Rb3 32.Bd5 Rxc3 33.Rxa7 h5 
34.Rf7+ Ke8 35.Rxg7 Rxa3 36.Rf7 Ra6 37.Rh7 Rd6 38.Rxh5 Kf8 39.Ba2 Nd7 40.
Rh8+ Ke7 41.Rh7+ Kd8 42.Rh5 Ne5 43.h3 Ng6 44.Bd5 Nf4 45.Rh8+ Ke7 46.Bb7 f5
47.Rh7+ Kf6 48.Rc7 Kg5 49.Kf2 Rb6 50.h4+ Kh5 51.g4+ Kxh4 52.Rh1+ Nh3+ 53.
Ke3 fxg4 54.Bxe4 Bxe4 55.Kxe4 Kg3 56.Rc3+ Kg2 57.Rhc1 Nf2+ 58.Kf4 Rf6+ 59.
Kg5 Rf8 60.Kh4 Rh8+ 61.Kg5 g3 62.R1c2 Rg8+ 63.Kf4 Rf8+ 64.Kg5 Kh2 65.Kh6 
g2 66.Rc1 Rh8+ 67.Kg5 Ne4+ 68.Kg4 Nxc3 69.Rc2 Kh1 0-1

[Event "39th WCh U20 Girls"]
[Site "Mexico City MEX"]
[Date "2023.09.23"]
[Round "4.8"]
[White "Hernandez Gil, Ineymig"]
[Black "Goraj, Barbara"]
[Result "1/2-1/2"]
[WhiteElo "2170"]
[BlackElo "2135"]
[EventDate "2023.09.21"]
[PlyCount "101"]

1.e4 c6 2.Nf3 d5 3.Nc3 Bg4 4.h3 Bxf3 5.Qxf3 e6 6.d4 Nf6 7.Be2 dxe4 8.Qe3 
Nbd7 9.Nxe4 Nxe4 10.Qxe4 Nf6 11.Qd3 Qc7 12.O-O Bd6 13.Qf3 O-O 14.c3 Rfe8 
15.a4 a5 16.Bd3 Nd5 17.g3 Rad8 18.Bg5 Be7 19.Bd2 g6 20.h4 Bf8 21.Rad1 h5 
22.Rfe1 Bg7 23.Bg5 Rd7 24.Re2 Qd6 25.Kg2 Qf8 26.Rh1 f5 27.Rhe1 Qf7 28.Bc4 
Kh7 29.Bb3 Rc7 30.c4 Nb4 31.d5 e5 32.d6 e4 33.Qe3 Rd7 34.c5 Nd5 35.Bxd5 
cxd5 36.Qd2 d4 37.Qxa5 d3 38.Rd2 Qd5 39.Kg1 Rxd6 40.Qb5 Rde6 41.Be3 Be5 
42.Rc1 Rf8 43.Qc4 Qc6 44.b4 f4 45.gxf4 Bxf4 46.Bxf4 Rxf4 47.Rxd3 exd3 48.
Qxf4 Re4 49.Qf7+ Kh6 50.Qf8+ Kh7 51.Qf7+ 1/2-1/2

[Event "39th WCh U20 Girls"]
[Site "Mexico City MEX"]
[Date "2023.09.23"]
[Round "4.9"]
[White "Hernandez Diaz, Paula Sofia"]
[Black "Obregon Garcia, Roxangel"]
[Result "0-1"]
[WhiteElo "1796"]
[BlackElo "2171"]
[EventDate "2023.09.21"]
[PlyCount "74"]

1.d4 d5 2.c4 c6 3.Nf3 Nf6 4.e3 e6 5.Nbd2 Nbd7 6.b3 Bb4 7.Bb2 Ne4 8.Bd3 f5 
9.O-O O-O 10.a3 Bd6 11.Ne5 Bxe5 12.dxe5 Ndc5 13.Nxe4 fxe4 14.Be2 Qg5 15.g3
b6 16.b4 Nd3 17.Bxd3 exd3 18.Qxd3 Ba6 19.b5 dxc4 20.Qxc4 Bxb5 21.Qxe6+ Kh8
22.f4 Qh5 23.Rf2 Rad8 24.Re1 Rfe8 25.Qa2 Rd1 26.Bc3 Red8 27.Qc2 Rxe1+ 28.
Bxe1 Qd1 29.Qc3 c5 30.Kg2 Rd3 31.Qb2 Bc6+ 32.Kf1 Rxe3 33.Qd2 Rxe1+ 34.Qxe1
Bb5+ 35.Re2 Bxe2+ 36.Kf2 Qxe1+ 37.Kxe1 Bg4 0-1

[Event "39th WCh U20 Girls"]
[Site "Mexico City MEX"]
[Date "2023.09.23"]
[Round "4.10"]
[White "Rodriguez Redondo, Adhara"]
[Black "Lopez Rayo, Isabella"]
[Result "1-0"]
[WhiteElo "2135"]
[BlackElo "1876"]
[EventDate "2023.09.21"]
[PlyCount "81"]

1.e4 c5 2.Nf3 d6 3.d4 cxd4 4.Nxd4 Nf6 5.Nc3 g6 6.Be3 Bg7 7.f3 O-O 8.Qd2 
Nc6 9.O-O-O d5 10.exd5 Nxd5 11.Nxc6 bxc6 12.Bd4 e5 13.Bc5 Be6 14.Ne4 Re8 
15.h4 h6 16.Bc4 Qc7 17.g4 Red8 18.h5 g5 19.Qf2 Nf4 20.Bxe6 Nxe6 21.Ba3 Rd5
22.Ng3 Nd4 23.c3 Nb5 24.Bb4 Rad8 25.Nf5 Bf8 26.Bxf8 Kxf8 27.Qc2 Qa5 28.a4 
Nd6 29.Nxh6 Kg7 30.Rxd5 cxd5 31.Nf5+ Kg8 32.Ne7+ Kg7 33.Nc6 Qb6 34.Nxd8 
Qxd8 35.Qd3 Qa5 36.Kb1 Nc4 37.Qf5 Qb6 38.Qxg5+ Kf8 39.Qc1 Qb3 40.Rh2 Qxa4 
41.h6 1-0

[Event "39th WCh U20 Girls"]
[Site "Mexico City MEX"]
[Date "2023.09.23"]
[Round "4.11"]
[White "Zhang Xiao"]
[Black "Castillo Beitia, Ashley Alexandra"]
[Result "1-0"]
[WhiteElo "2128"]
[BlackElo "1870"]
[EventDate "2023.09.21"]
[PlyCount "85"]

1.d4 d5 2.c4 c6 3.Nf3 Nf6 4.Nc3 a6 5.a4 e6 6.e3 Bd6 7.Qc2 Nbd7 8.Be2 Rb8 
9.O-O O-O 10.Rd1 Re8 11.e4 dxe4 12.Nxe4 Nxe4 13.Qxe4 Nf6 14.Qh4 Nd7 15.Bg5
Be7 16.Bd3 h6 17.Bxe7 Qxe7 18.Qe4 Nf6 19.Qe5 Bd7 20.Nd2 Red8 21.c5 Be8 22.
Nc4 Ng4 23.Qg3 Nf6 24.Ra3 Rbc8 25.Nd6 Rc7 26.Rb3 Rcd7 27.h3 Nh5 28.Qe5 g6 
29.g4 Ng7 30.Be2 f6 31.Qe3 g5 32.Bd3 Bf7 33.Qe4 f5 34.Qe5 Ne8 35.Nxf7 Qxf7
36.Bc4 Ng7 37.gxf5 Re8 38.fxe6 Nxe6 39.Re3 Rde7 40.Rde1 Kh7 41.Qd6 Rf8 42.
R1e2 Rd8 43.Qxd8 1-0

[Event "39th WCh U20 Girls"]
[Site "Mexico City MEX"]
[Date "2023.09.23"]
[Round "4.12"]
[White "Vanduyfhuys, Daria"]
[Black "Milner, Romi"]
[Result "1-0"]
[WhiteElo "2088"]
[BlackElo "1856"]
[EventDate "2023.09.21"]
[PlyCount "36"]

1.d4 d5 2.c4 dxc4 3.Nc3 c5 4.d5 e6 5.e4 Nf6 6.Bxc4 exd5 7.Nxd5 Nxd5 8.Bxd5
Bd6 9.Nf3 O-O 10.O-O Nd7 11.Bxf7+ Rxf7 12.Qxd6 b6 13.Ng5 Ba6 14.Nxf7 Kxf7 
15.Rd1 Bb5 16.a4 Rc8 17.axb5 Rc7 18.Bf4 Ke8 1-0

[Event "39th WCh U20 Girls"]
[Site "Mexico City MEX"]
[Date "2023.09.23"]
[Round "4.13"]
[White "Yedigarian, Asya"]
[Black "Ter-Avetisjana, Agnesa Stepania"]
[Result "1/2-1/2"]
[WhiteElo "1786"]
[BlackElo "2080"]
[EventDate "2023.09.21"]
[PlyCount "63"]

1.d4 d5 2.c4 c6 3.Nc3 Nf6 4.cxd5 cxd5 5.Bf4 Nc6 6.e3 a6 7.Bd3 e6 8.Rc1 Bd6
9.Bxd6 Qxd6 10.f4 O-O 11.Nf3 b5 12.Ne5 Bb7 13.O-O Rac8 14.g4 Ne8 15.g5 f5 
16.Qf3 Qe7 17.Nxc6 Bxc6 18.Rc2 Nd6 19.Rfc1 b4 20.Nd1 Qb7 21.Qe2 Bb5 22.Nf2
Rxc2 23.Rxc2 Bc4 24.b3 Bb5 25.Rc5 Rc8 26.Qc2 Bc6 27.Qe2 Bb5 28.Qc2 Bc6 29.
Qe2 Bb5 30.Qc2 Bc6 31.Qe2 Bb5 32.Qc2 1/2-1/2

[Event "39th WCh U20 Girls"]
[Site "Mexico City MEX"]
[Date "2023.09.23"]
[Round "4.14"]
[White "Sosovickova, Jana"]
[Black "Guzman Garcia, Mia Fernanda"]
[Result "1-0"]
[WhiteElo "2045"]
[BlackElo "1753"]
[EventDate "2023.09.21"]
[PlyCount "145"]

1.e4 e5 2.Nf3 Nc6 3.Bb5 a6 4.Ba4 Bc5 5.d3 Nf6 6.O-O d6 7.c3 b5 8.Bc2 Bg4 
9.Nbd2 O-O 10.Re1 Bb6 11.Nf1 Ne7 12.h3 Bd7 13.d4 Ng6 14.Ng3 h6 15.a4 c5 
16.Be3 Qc7 17.axb5 axb5 18.dxe5 dxe5 19.Qe2 Ba5 20.Red1 c4 21.Bd2 Rfe8 22.
Nh2 Rab8 23.Ng4 Nxg4 24.hxg4 b4 25.Rxa5 Qxa5 26.cxb4 Qc7 27.Nf5 Bxf5 28.
gxf5 Nf4 29.Qg4 Qb6 30.g3 Nd3 31.Be3 Qf6 32.Bxd3 cxd3 33.Bc5 Rbd8 34.Qf3 
Qa6 35.Kg2 Rd7 36.f6 Qxf6 37.Rxd3 Rxd3 38.Qxd3 Qc6 39.Kf3 Kh7 40.Qd5 Qf6+ 
41.Kg2 Qg6 42.b5 f5 43.exf5 Qxf5 44.b6 Qc2 45.b4 Qa4 46.b7 Qb5 47.Qe4+ Kh8
48.Bd6 Qb6 49.b8=Q Rxb8 50.Bxb8 Qxb8 51.Qc4 Qa8+ 52.Kh2 Qf3 53.Qc5 e4 54.
Qe3 Qf5 55.Qc5 Qf3 56.b5 Kh7 57.b6 h5 58.Qe3 Qf5 59.b7 Qe5 60.Qf4 Qxf4 61.
gxf4 Kg6 62.b8=Q Kf5 63.Qe5+ Kg4 64.Qxe4 h4 65.f3+ Kh5 66.Qf5+ Kh6 67.Qg5+
Kh7 68.Kh3 g6 69.Kxh4 Kg7 70.f5 Kh7 71.fxg6+ Kg8 72.Qe7 Kh8 73.Qf8# 1-0

[Event "39th WCh U20 Girls"]
[Site "Mexico City MEX"]
[Date "2023.09.23"]
[Round "4.15"]
[White "Mikheeva, Galina"]
[Black "Garcia Ortega, Natalia Belen"]
[Result "1-0"]
[WhiteElo "1969"]
[BlackElo "1488"]
[EventDate "2023.09.21"]
[PlyCount "85"]

1.c4 c5 2.Nc3 Nc6 3.g3 e6 4.Bg2 Nf6 5.Nf3 Be7 6.O-O O-O 7.d3 d5 8.e3 b6 9.
b3 Bb7 10.Bb2 Rb8 11.Qe2 d4 12.exd4 Nxd4 13.Nxd4 cxd4 14.Nb5 Bxg2 15.Kxg2 
Qd7 16.Nxd4 Rfd8 17.Rfd1 e5 18.Nf3 Bd6 19.Bxe5 Re8 20.Qb2 Bxe5 21.Nxe5 Qf5
22.d4 Re6 23.Qe2 Rd8 24.Qf3 Qxf3+ 25.Kxf3 h5 26.Kg2 g5 27.f3 Ne8 28.f4 f6 
29.d5 Red6 30.Nc6 R8d7 31.Re1 Ng7 32.Ne7+ Kf7 33.Nc8 Nf5 34.Nxd6+ Rxd6 35.
fxg5 fxg5 36.Re5 Rf6 37.Rf1 Kg6 38.b4 g4 39.c5 h4 40.Rfxf5 h3+ 41.Kf2 
Rxf5+ 42.Rxf5 Kxf5 43.c6 1-0

[Event "39th WCh U20 Girls"]
[Site "Mexico City MEX"]
[Date "2023.09.23"]
[Round "4.16"]
[White "Hernandez Ortega, Carolina"]
[Black "Diaz Charpentier, Kristel Meliss"]
[Result "1-0"]
[WhiteElo "1729"]
[BlackElo "1951"]
[EventDate "2023.09.21"]
[PlyCount "127"]

1.e4 c5 2.Nf3 d6 3.d4 cxd4 4.Nxd4 Nf6 5.Nc3 g6 6.Be2 Bg7 7.O-O O-O 8.Be3 
Nc6 9.a4 Nxd4 10.Bxd4 Be6 11.f4 Qc8 12.a5 Bc4 13.Be3 Bxe2 14.Qxe2 Ng4 15.
Bd2 Qc5+ 16.Kh1 Nf6 17.e5 Nd5 18.Nxd5 Qxd5 19.Bc3 Rac8 20.Rad1 Qe6 21.Qf3 
b6 22.axb6 axb6 23.exd6 exd6 24.Bxg7 Kxg7 25.f5 gxf5 26.c3 Rc5 27.Qg3+ Qg6
28.Rf3 Re8 29.Rxd6 Re6 30.Rxe6 fxe6 31.Qh4 Rd5 32.h3 Qf7 33.Qc4 Qd7 34.
Rg3+ Kh8 35.Qh4 Qf7 36.c4 Rd1+ 37.Kh2 f4 38.Ra3 Qf8 39.Ra7 h6 40.Qe7 Qxe7 
41.Rxe7 Rd6 42.Kg1 Kg8 43.Kf2 Kf8 44.Rh7 e5 45.Kf3 Rd2 46.b4 Rd4 47.Rxh6 
Rxc4 48.Rxb6 Kf7 49.b5 Rb4 50.Rb8 Kf6 51.b6 Kf5 52.b7 Rb3+ 53.Ke2 Ke4 54.
Kd2 Rb2+ 55.Kc3 Rb1 56.h4 Ke3 57.h5 Kf2 58.h6 Rc1+ 59.Kd3 Rc7 60.Ke4 Re7 
61.g4 Kg3 62.g5 f3 63.g6 f2 64.Rf8 1-0

[Event "39th WCh U20 Girls"]
[Site "Mexico City MEX"]
[Date "2023.09.23"]
[Round "4.17"]
[White "Velarde Hernandez, Paulina Yunuen"]
[Black "Skaslien, Ingrid"]
[Result "1-0"]
[WhiteElo "1557"]
[BlackElo "1919"]
[EventDate "2023.09.21"]
[PlyCount "79"]

1.d4 e6 2.Nf3 b6 3.g3 Bb7 4.Bg2 f5 5.c4 Bb4+ 6.Bd2 Bxd2+ 7.Nbxd2 Nf6 8.Qc2
O-O 9.O-O d6 10.Ng5 Bxg2 11.Kxg2 Qe8 12.d5 exd5 13.Qxf5 dxc4 14.Nde4 Qg6 
15.Nxf6+ gxf6 16.Qd5+ Kh8 17.Qxa8 fxg5 18.Qd5 Nd7 19.Qxc4 Ne5 20.Qd4 g4 
21.f4 gxf3+ 22.exf3 c5 23.Qc3 Rf4 24.b3 Rd4 25.Rae1 b5 26.Rxe5 dxe5 27.
Qxc5 Qf6 28.Qxb5 Qd6 29.Rf2 a6 30.Qe8+ Kg7 31.h4 Rd3 32.Qh5 Kh8 33.Re2 Rd5
34.f4 Qc6 35.Kh2 e4 36.f5 Rd3 37.Qg5 Rd7 38.Qf4 Re7 39.f6 Rf7 40.Qb8+ 1-0

[Event "39th WCh U20 Girls"]
[Site "Mexico City MEX"]
[Date "2023.09.23"]
[Round "4.18"]
[White "Koksa, Jelena"]
[Black "Kanyamarala, Trisha"]
[Result "0-1"]
[WhiteElo "1748"]
[BlackElo "2184"]
[EventDate "2023.09.21"]
[PlyCount "82"]

1.e4 c5 2.Nf3 d6 3.d4 cxd4 4.Nxd4 Nf6 5.Nc3 a6 6.Be2 e5 7.Nb3 Be7 8.Be3 
Be6 9.O-O Nc6 10.Nd5 Bxd5 11.exd5 Nb8 12.a4 a5 13.Qd3 Nbd7 14.c4 O-O 15.
Rfd1 b6 16.Nd2 Ne8 17.Bg4 Nc5 18.Qc2 g6 19.Bh6 Ng7 20.Nb3 f5 21.Nxc5 bxc5 
22.Bxg7 Kxg7 23.Be2 e4 24.Ra3 Rb8 25.Rb3 Rxb3 26.Qxb3 Bf6 27.Qc2 Bd4 28.
Bf1 Qh4 29.g3 Qf6 30.Qd2 Qe5 31.Kh1 f4 32.Bg2 fxg3 33.fxg3 e3 34.Qd3 Rf2 
35.Re1 Rxb2 36.Re2 Rb4 37.Qc2 Qf5 38.Qxf5 gxf5 39.Bh3 Rxa4 40.Rc2 Ra1+ 41.
Kg2 Kf6 0-1

[Event "39th WCh U20 Girls"]
[Site "Mexico City MEX"]
[Date "2023.09.23"]
[Round "4.19"]
[White "Sultanbek, Zeinep"]
[Black "Castellanos Hernandez, Lhia Itzayana"]
[Result "1/2-1/2"]
[WhiteElo "2022"]
[BlackElo "1890"]
[EventDate "2023.09.21"]
[PlyCount "61"]

1.d4 d5 2.g3 e6 3.Bg2 Nf6 4.Nf3 b5 5.O-O Be7 6.a4 b4 7.c4 bxc3 8.Nxc3 Nbd7
9.Bf4 Nh5 10.Bd2 Bb7 11.a5 Rb8 12.Ne5 Nxe5 13.dxe5 g6 14.Bh6 Bg5 15.Bxg5 
Qxg5 16.e4 O-O 17.exd5 Qxe5 18.Re1 Qf6 19.Qe2 exd5 20.a6 Bc6 21.Bxd5 Bxd5 
22.Nxd5 Qxb2 23.Qxb2 Rxb2 24.Rec1 Rd8 25.Ne7+ Kf8 26.Rxc7 Rdd2 27.Rf1 Ra2 
28.Rxa7 Rd6 29.Rc1 Rdxa6 30.Rc8+ Kg7 31.Rac7 1/2-1/2

[Event "39th WCh U20 Girls"]
[Site "Mexico City MEX"]
[Date "2023.09.23"]
[Round "4.20"]
[White "Tomasi, Elise"]
[Black "Finley Rosero, Karol Valentina"]
[Result "1-0"]
[WhiteElo "2021"]
[BlackElo "1734"]
[EventDate "2023.09.21"]
[PlyCount "99"]

1.e4 c5 2.Nf3 d6 3.d4 cxd4 4.Qxd4 a6 5.c4 Nc6 6.Qd1 Nf6 7.Nc3 Bg4 8.Be2 g6
9.Be3 Bg7 10.O-O Bxf3 11.Bxf3 Qd7 12.Be2 Rb8 13.Rc1 O-O 14.f4 Qe6 15.Qd3 
Nb4 16.Qb1 Ng4 17.Bb6 d5 18.Bc5 d4 19.Bxg4 Qxg4 20.Bxb4 dxc3 21.Bxc3 Bxc3 
22.Rxc3 Rfd8 23.Qc2 Rd4 24.Re3 Rbd8 25.Re2 Qd7 26.e5 Rd2 27.Rxd2 Qxd2 28.
Qb3 Rd3 29.Qb6 Rd4 30.e6 Qe3+ 31.Kh1 Rxf4 32.exf7+ Kxf7 33.Qxe3 Rxf1+ 34.
Qg1 Rxg1+ 35.Kxg1 Ke6 36.Kf2 Ke5 37.Ke3 b6 38.b4 h6 39.g3 g5 40.g4 e6 41.
Kd3 a5 42.a3 Kd6 43.Kd4 axb4 44.axb4 Kc6 45.Ke5 Kd7 46.c5 bxc5 47.bxc5 Kc6
48.Kxe6 Kxc5 49.Kf6 Kd6 50.Kg6 1-0

[Event "39th WCh U20 Girls"]
[Site "Mexico City MEX"]
[Date "2023.09.23"]
[Round "4.21"]
[White "Mogollon Tobar, Nicolle Julieth"]
[Black "Duque, Raquel dos Santos"]
[Result "1-0"]
[WhiteElo "1943"]
[BlackElo "1728"]
[EventDate "2023.09.21"]
[PlyCount "81"]

1.e4 e5 2.Nf3 Nf6 3.Nxe5 d6 4.Nf3 Nxe4 5.Nc3 Nxc3 6.dxc3 Be7 7.Be3 Nc6 8.
Qd2 Be6 9.O-O-O Qd7 10.Kb1 Bf6 11.Bg5 Bxg5 12.Nxg5 O-O-O 13.Nxe6 Qxe6 14.
Bb5 Ne5 15.Rhe1 Qg6 16.f4 Nd7 17.Re7 Qf6 18.Bxd7+ Rxd7 19.Rxd7 Kxd7 20.Qe3
Re8 21.Qxa7 Qxf4 22.Qxb7 Qxh2 23.Qb5+ Kd8 24.Qg5+ Kc8 25.Qxg7 Qh5 26.Qd4 
Re2 27.g4 Qg6 28.Qa4 Re4 29.b4 Qxg4 30.Rf1 f5 31.Kb2 h5 32.Qa7 Rf4 33.Rg1 
Qh4 34.Qa8+ Kd7 35.Rg7+ Ke6 36.Qe8+ Kd5 37.Qb5+ Ke6 38.Rxc7 Qd8 39.Rh7 Qg5
40.Qd7+ Kd5 41.Re7 1-0

[Event "39th WCh U20 Girls"]
[Site "Mexico City MEX"]
[Date "2023.09.23"]
[Round "4.22"]
[White "Maione, Melissa"]
[Black "Brito Carrascal, Isabela"]
[Result "0-1"]
[WhiteElo "1931"]
[BlackElo "1708"]
[EventDate "2023.09.21"]
[PlyCount "70"]

1.e4 c5 2.Nf3 e6 3.d4 cxd4 4.Nxd4 Nc6 5.a3 a6 6.c4 Nf6 7.Nc3 Qc7 8.Be3 Be7
9.Be2 O-O 10.O-O b6 11.Rc1 Bb7 12.f3 Nxd4 13.Bxd4 Bd6 14.Kh1 Bxh2 15.Bxb6 
Qf4 16.Be3 Qh4 17.Bg5 Qxg5 18.Kxh2 Nh5 19.Qe1 f5 20.g3 f4 21.g4 Ng3 22.Rg1
Rf6 23.Rxg3 fxg3+ 24.Kxg3 h5 25.Qg1 hxg4 26.fxg4 Qe5+ 27.Kh3 Bxe4 28.Nxe4 
Qxe4 29.Re1 Raf8 30.Kg3 Qe5+ 31.Kg2 Qxb2 32.Qc5 Qd2 33.Qg1 Rf4 34.Kh1 Rf2 
35.Bd1 Qh6+ 0-1

[Event "39th WCh U20 Girls"]
[Site "Mexico City MEX"]
[Date "2023.09.23"]
[Round "4.23"]
[White "Viana, Valeria"]
[Black "Hernandez Bermudez, Manuela"]
[Result "1-0"]
[WhiteElo "1620"]
[BlackElo "1905"]
[EventDate "2023.09.21"]
[PlyCount "97"]

1.e4 c5 2.Nf3 d6 3.Bb5+ Nd7 4.d4 cxd4 5.Qxd4 a6 6.Bxd7+ Bxd7 7.Bg5 Nf6 8.
Bxf6 gxf6 9.Nc3 e6 10.O-O-O Be7 11.Rhe1 Qc7 12.Nh4 O-O-O 13.g3 Bc6 14.Qe3 
Qa5 15.f4 Kb8 16.Nf3 h5 17.Kb1 Bd7 18.Nd4 Qc5 19.Qd3 Qc7 20.Nf5 Bc6 21.
Nxe7 Qxe7 22.f5 Qf8 23.Qd4 Qg7 24.Rf1 Rh6 25.Qb4 Qf8 26.Qc4 Qg8 27.Qd4 Qg7
28.Qe3 Kc7 29.Ne2 Bb5 30.c4 Bc6 31.Nf4 e5 32.Nd5+ Bxd5 33.cxd5 Kb8 34.Qb6 
Qf8 35.Rc1 Rd7 36.Rf3 Qd8 37.Qb4 Rh8 38.Rfc3 Re8 39.Rc6 Ka7 40.R6c4 Qb6 
41.Qd2 Rh8 42.Rb4 Qd8 43.Qe3+ Ka8 44.Rbc4 Kb8 45.R1c3 Qa5 46.Qc1 Ka7 47.
Rc8 Rh7 48.Qg1+ b6 49.Qc1 1-0

[Event "39th WCh U20 Girls"]
[Site "Mexico City MEX"]
[Date "2023.09.23"]
[Round "4.24"]
[White "Montano Vicente, Guadalupe"]
[Black "Moracchini, Margaux"]
[Result "1-0"]
[WhiteElo "1727"]
[BlackElo "1897"]
[EventDate "2023.09.21"]
[PlyCount "69"]

1.d4 Nf6 2.c4 g6 3.Nc3 Bg7 4.e4 d6 5.h3 O-O 6.Be3 e5 7.d5 a5 8.g4 Ne8 9.
Nge2 f5 10.gxf5 gxf5 11.exf5 Qh4 12.Ng3 Nf6 13.Bd3 Na6 14.Nce4 Nxe4 15.
Bxe4 Kh8 16.Qg4 Bf6 17.Nh5 Rg8 18.Qxh4 Bxh4 19.Ke2 Nc5 20.Bxc5 dxc5 21.
Rag1 Bd7 22.Rg4 Rxg4 23.hxg4 Bg5 24.Ng3 Rg8 25.f3 b5 26.f6 h6 27.Bf5 Bxf5 
28.Nxf5 Kh7 29.cxb5 Rf8 30.Nxh6 Rxf6 31.Nf7+ Kg6 32.Nxg5 Kxg5 33.Rh5+ Kg6 
34.Rxe5 Kf7 35.Rf5 1-0

[Event "39th WCh U20 Girls"]
[Site "Mexico City MEX"]
[Date "2023.09.23"]
[Round "4.25"]
[White "Ivan, Reka Gyongyver"]
[Black "Faganel, Kaja"]
[Result "1-0"]
[WhiteElo "1857"]
[BlackElo "1615"]
[EventDate "2023.09.21"]
[PlyCount "89"]

1.d4 Nf6 2.Bg5 d5 3.e3 e6 4.Nd2 c5 5.c3 b6 6.f4 Be7 7.Ngf3 O-O 8.Bd3 Ng4 
9.Bxe7 Qxe7 10.Bxh7+ Kxh7 11.Ng5+ Kg8 12.Qxg4 f6 13.h4 fxg5 14.hxg5 Kf7 
15.Qh5+ g6 16.Qh7+ Ke8 17.Qxg6+ Qf7 18.Qh6 Rg8 19.Nf3 Nc6 20.O-O-O cxd4 
21.cxd4 Ba6 22.Kb1 Kd7 23.Rc1 Qg7 24.Ka1 Bb5 25.Rh4 Ne7 26.Ne5+ Kd6 27.g4 
Rac8 28.Rhh1 Nc6 29.Qxg7 Rxg7 30.Rh6 Re8 31.g6 Nxe5 32.dxe5+ Kd7 33.Rc3 
Reg8 34.f5 Ke8 35.Rc8+ Kd7 36.Rxg8 Rxg8 37.f6 Bd3 38.g7 Ke8 39.Rh8 Kf7 40.
b3 a5 41.a3 Ba6 42.Kb2 Bb7 43.g5 d4 44.g6+ Kxg6 45.Rxg8 1-0

[Event "39th WCh U20 Girls"]
[Site "Mexico City MEX"]
[Date "2023.09.23"]
[Round "4.26"]
[White "Mikic, Ivana"]
[Black "Mendoza Recio, Josselyne"]
[Result "0-1"]
[WhiteElo "1836"]
[BlackElo "1573"]
[EventDate "2023.09.21"]
[PlyCount "86"]

1.e4 e5 2.Nf3 Nc6 3.Bb5 f5 4.d3 fxe4 5.dxe4 Nf6 6.O-O Bc5 7.Nc3 O-O 8.Bg5 
d6 9.Nd5 Be6 10.Nxf6+ gxf6 11.Bh6 Rf7 12.Nh4 Kh8 13.Nf5 Qg8 14.Be2 Bxf5 
15.exf5 Rd7 16.c3 d5 17.Qb3 Bb6 18.Rad1 a6 19.Qa4 d4 20.Bc4 Qg4 21.Be6 Re7
22.Rd3 e4 23.Rg3 Qe2 24.cxd4 Bxd4 25.Bd5 Rd8 26.Bxc6 Bxf2+ 27.Rxf2 Rd1+ 
28.Qxd1 Qxd1+ 29.Rf1 Qd4+ 30.Be3 Qxb2 31.Rd1 h5 32.Bd4 Qc2 33.Bxf6+ Kh7 
34.Rd8 Qc1+ 35.Kf2 e3+ 36.Ke2 Qc2+ 37.Ke1 Qf2+ 38.Kd1 e2+ 39.Kc2 e1=Q+ 40.
Kb3 Qb6+ 41.Kc2 Qxc6+ 42.Bc3 Re2+ 43.Kb3 Qb1+ 0-1

[Event "39th WCh U20 Girls"]
[Site "Mexico City MEX"]
[Date "2023.09.24"]
[Round "5.1"]
[White "Yip, Carissa"]
[Black "Mkrtchian, Mariam"]
[Result "1-0"]
[WhiteElo "2372"]
[BlackElo "2343"]
[EventDate "2023.09.21"]
[PlyCount "95"]

1.e4 e5 2.d4 exd4 3.Qxd4 Nc6 4.Qe3 Nf6 5.Bd2 Be7 6.c4 O-O 7.Nc3 Bb4 8.f3 
d6 9.O-O-O a6 10.g4 Be6 11.g5 Nd7 12.Nd5 Bxd2+ 13.Qxd2 b5 14.h4 Nce5 15.h5
c6 16.f4 cxd5 17.fxe5 dxc4 18.exd6 c3 19.bxc3 Rc8 20.h6 g6 21.Kb1 Qa5 22.
Rc1 Nb6 23.Rc2 Na4 24.Ne2 Rc4 25.Bh3 b4 26.Qf4 f5 27.gxf6 Bf7 28.d7 bxc3 
29.Qd6 Rb4+ 30.Kc1 Rxe4 31.Nd4 Nb2 32.Be6 Nd3+ 33.Kb1 Qb4+ 34.Qxb4 Nxb4 
35.Bxf7+ Kxf7 36.Nf3 Kxf6 37.Rxc3 Rd8 38.Rd1 Re6 39.Rc4 Nc6 40.Rf4+ Ke7 
41.Ng5 Rb8+ 42.Ka1 Re5 43.Rf7+ Kd8 44.Nxh7 Rh5 45.Ng5 Rxg5 46.Rf8+ Kc7 47.
Rxb8 Kxb8 48.h7 1-0

[Event "39th WCh U20 Girls"]
[Site "Mexico City MEX"]
[Date "2023.09.24"]
[Round "5.2"]
[White "Lu Miaoyi"]
[Black "Francisco, Candela"]
[Result "1/2-1/2"]
[WhiteElo "2214"]
[BlackElo "2345"]
[EventDate "2023.09.21"]
[PlyCount "61"]

1.e4 c6 2.d4 d5 3.e5 c5 4.Nf3 Nc6 5.dxc5 Bg4 6.c3 e6 7.Be3 a6 8.Nbd2 Nxe5 
9.Qa4+ Qd7 10.Qf4 Bxf3 11.Nxf3 Nc6 12.O-O-O g6 13.g4 Bg7 14.h4 h5 15.gxh5 
Rxh5 16.Ng5 Nf6 17.Bh3 Qe7 18.Rhe1 Nd7 19.Qg3 O-O-O 20.Bg4 Rhh8 21.Bd4 
Nxd4 22.cxd4 Bh6 23.Kb1 Bxg5 24.hxg5 Nb8 25.Re3 Qc7 26.Rf3 Rh7 27.Rf4 Nc6 
28.Be2 Ne7 29.Qf3 Nf5 30.c6 b5 31.Qa3 1/2-1/2

[Event "39th WCh U20 Girls"]
[Site "Mexico City MEX"]
[Date "2023.09.24"]
[Round "5.3"]
[White "Ciolacu, Alessia-Mihaela"]
[Black "Rakshitta, Ravi"]
[Result "0-1"]
[WhiteElo "2199"]
[BlackElo "2272"]
[EventDate "2023.09.21"]
[PlyCount "128"]

1.d4 f5 2.Bg5 g6 3.e3 Bg7 4.h4 d6 5.Nc3 h6 6.Bf4 Nf6 7.Bc4 Nc6 8.Bh2 Na5 
9.Bd3 O-O 10.d5 c5 11.Nf3 b5 12.Bxb5 Rb8 13.O-O a6 14.Be2 Rxb2 15.Qc1 Rb4 
16.a3 Rb8 17.Rb1 Rxb1 18.Qxb1 Bb7 19.Qa2 Ng4 20.Nb1 Nxh2 21.Kxh2 Qa8 22.c4
Rb8 23.Qd2 Nb3 24.Qd3 Bc8 25.Nc3 Na5 26.Rb1 Rxb1 27.Nxb1 Qb8 28.Qc2 e6 29.
Qa4 Qc7 30.dxe6 Kf8 31.g3 Bxe6 32.Nbd2 Bd7 33.Qc2 Nc6 34.Qd3 Ne5 35.Nxe5 
Bxe5 36.e4 Qb7 37.h5 fxe4 38.Qe3 g5 39.Nxe4 Qb2 40.Qf3+ Kg7 41.Bd3 Qd4 42.
Nd2 Qg4 43.Kg2 Qxf3+ 44.Kxf3 g4+ 45.Ke4 Bd4 46.f4 gxf3 47.Kxf3 Bb2 48.Ke4 
Bc6+ 49.Kf5 Bxa3 50.Ke6 Bb4 51.Kxd6 Be8 52.Ne4 Bxh5 53.Nxc5 Bf3 54.Bc2 a5 
55.Ba4 Be1 56.Ne6+ Kf6 57.c5 Bxg3+ 58.Kd7 Bg4 59.Bb3 a4 60.Bxa4 Bxe6+ 61.
Kc6 h5 62.Bc2 Bf5 63.Bb3 Be4+ 64.Bd5 Ke5 0-1

[Event "39th WCh U20 Girls"]
[Site "Mexico City MEX"]
[Date "2023.09.24"]
[Round "5.4"]
[White "Hryzlova, Sofiia"]
[Black "Getman, Tatyana"]
[Result "1-0"]
[WhiteElo "2228"]
[BlackElo "2172"]
[EventDate "2023.09.21"]
[PlyCount "75"]

1.Nf3 d5 2.g3 Nf6 3.Bg2 c5 4.O-O e6 5.c4 d4 6.e3 Nc6 7.exd4 cxd4 8.d3 Bd6 
9.Na3 O-O 10.Nc2 e5 11.b4 Re8 12.Re1 a6 13.c5 Bf8 14.Bg5 Bf5 15.Nh4 Bg4 
16.Qxg4 Nxg4 17.Bxd8 Raxd8 18.Re2 Nf6 19.Rae1 Nd5 20.Bxd5 Rxd5 21.f4 f6 
22.Nf3 g6 23.a4 a5 24.b5 Nb4 25.Nxb4 axb4 26.fxe5 Bh6 27.exf6 Be3+ 28.Kg2 
Rf8 29.Rb1 Rxf6 30.Rxb4 g5 31.Nd2 Rf8 32.Ne4 Kg7 33.c6 bxc6 34.bxc6 Rdf5 
35.Rb1 Re5 36.c7 Re7 37.Rc2 Rc8 38.Nd6 1-0

[Event "39th WCh U20 Girls"]
[Site "Mexico City MEX"]
[Date "2023.09.24"]
[Round "5.5"]
[White "Vanduyfhuys, Daria"]
[Black "Krasteva, Beloslava"]
[Result "0-1"]
[WhiteElo "2088"]
[BlackElo "2223"]
[EventDate "2023.09.21"]
[PlyCount "146"]

1.d4 Nf6 2.c4 e6 3.Nf3 d5 4.Nc3 Nbd7 5.Bg5 Bb4 6.e3 c5 7.cxd5 exd5 8.Be2 
Qa5 9.O-O Bxc3 10.bxc3 c4 11.Bxf6 Nxf6 12.Qc2 O-O 13.Nd2 Re8 14.Bf3 Bd7 
15.e4 Ba4 16.Qb2 dxe4 17.Bd1 Bxd1 18.Rfxd1 Qc7 19.Rab1 b6 20.Qb5 Ng4 21.
Nf1 Nxf2 22.Kxf2 e3+ 23.Kg1 e2 24.Re1 exf1=Q+ 25.Rxf1 Re3 26.Rbe1 Qe7 27.
Qd5 Rxe1 28.Qxa8+ Qe8 29.Qxe8+ Rxe8 30.Kf2 Kf8 31.a4 Re6 32.Rb1 Ke7 33.Rb4
Rc6 34.a5 Kd6 35.axb6 axb6 36.Ke3 f5 37.Rb5 g6 38.Kf4 Ke7 39.Ke5 Re6+ 40.
Kd5 Re2 41.Rxb6 Rxg2 42.Rb7+ Kf6 43.Rxh7 f4 44.Kxc4 Rd2 45.d5 g5 46.Rh3 g4
47.Rd3 Rxh2 48.Rd4 Kf5 49.d6 g3 50.d7 Rh8 51.d8=Q Rxd8 52.Rxd8 g2 53.Rf8+ 
Ke5 54.Re8+ Kd6 55.Rg8 f3 56.Kb3 f2 57.Rg6+ Kd5 58.Rg5+ Ke4 59.Rxg2 f1=Q 
60.Rd2 Qb1+ 61.Kc4 Ke3 62.Rd4 Qa2+ 63.Kb4 Qb2+ 64.Kc4 Qb1 65.Rd8 Qc2 66.
Re8+ Kd2 67.Rd8+ Kc1 68.Rd4 Kb2 69.Rd3 Qa4+ 70.Kd5 Kc2 71.Rg3 Qf4 72.Rg7 
Qf5+ 73.Kc4 Qd3+ 0-1

[Event "39th WCh U20 Girls"]
[Site "Mexico City MEX"]
[Date "2023.09.24"]
[Round "5.6"]
[White "Obregon Garcia, Roxangel"]
[Black "Sosovickova, Jana"]
[Result "1/2-1/2"]
[WhiteElo "2171"]
[BlackElo "2045"]
[EventDate "2023.09.21"]
[PlyCount "100"]

1.e4 e5 2.Nf3 Nc6 3.Bb5 f5 4.d3 fxe4 5.dxe4 Nf6 6.O-O Bc5 7.Qd3 Nd4 8.b4 
Nxf3+ 9.Qxf3 Bxb4 10.Bb2 Qe7 11.Qd3 c6 12.Bc4 d6 13.Ba3 Bxa3 14.Nxa3 Be6 
15.f4 O-O 16.Bxe6+ Qxe6 17.Rab1 b6 18.f5 Qe7 19.c4 Kh8 20.Nc2 d5 21.cxd5 
cxd5 22.exd5 Qc5+ 23.Kh1 Qxd5 24.Qxd5 Nxd5 25.Rb5 Rad8 26.Rd1 Nc3 27.Rxd8 
Rxd8 28.Rxe5 Nxa2 29.h3 Kg8 30.Ne3 Kf7 31.Ng4 Nb4 32.Re6 Nd3 33.Rc6 Rd7 
34.Kh2 b5 35.Ne3 b4 36.Rc8 Rb7 37.Nc4 Ke7 38.Rg8 Kf6 39.Rf8+ Ke7 40.Rg8 
Kf6 41.Rf8+ Rf7 42.Rb8 Rc7 43.Ne3 Ke5 44.Kg3 Kd4 45.Kf3 Kc5 46.Ke4 Nb2 47.
Nd5 Rd7 48.Rc8+ Kb5 49.Rb8+ Kc5 50.Rc8+ Kb5 1/2-1/2